[Event "Quebec op"]
[Site "Montreal CAN"]
[Date "2000.07.22"]
[Round "1"]
[White "Berezovich, Mikhail"]
[Black "Nicula, Marius"]
[Result "1/2-1/2"]
[WhiteElo "2164"]
[BlackElo "2225"]
[PlyCount "64"]
[GameId "2160767911653017"]
[EventDate "2000.07.22"]
[EventType "swiss"]
[EventRounds "9"]
[EventCountry "CAN"]
[SourceTitle "EXT 2002"]
[Source "ChessBase"]
[SourceDate "2001.11.25"]
[SourceVersion "1"]
[SourceVersionDate "2001.11.25"]
[SourceQuality "1"]

1. e4 e6 2. d4 d5 3. Nd2 Nf6 4. e5 Nfd7 5. Bd3 c5 6. c3 Nc6 7. Ne2 cxd4 8. cxd4 f6 9. exf6 Nxf6 10. O-O Bd6 11. Nf3 Qc7 12. Bg5 O-O 13. Bh4 Nh5 14. Qc2 h6 15. Bg6 Nf4 16. Nxf4 Bxf4 17. Bg3 Bd7 18. Ne5 Bxe5 19. Bxe5 Qd8 20. Rae1 Nxe5 21. Rxe5 Rf6 22. Bd3 Qb6 23. Qd2 Raf8 24. g3 Bb5 25. Bxb5 Qxb5 26. f4 g5 27. b3 gxf4 28. Rxf4 Rxf4 29. gxf4 Rf6 30. f5 Rxf5 31. Rxf5 exf5 32. Qxh6 Kf7 1/2-1/2

[Event "Quebec op"]
[Site "Montreal CAN"]
[Date "2000.07.22"]
[Round "1"]
[White "Feoktistov, Dmitri"]
[Black "Roy, Guy"]
[Result "1/2-1/2"]
[WhiteElo "1991"]
[BlackElo "2089"]
[PlyCount "95"]
[GameId "2160767911653018"]
[EventDate "2000.07.22"]
[EventType "swiss"]
[EventRounds "9"]
[EventCountry "CAN"]

1. d4 b6 2. c4 Bb7 3. Nc3 e6 4. Qc2 f5 5. e4 fxe4 6. Nxe4 Nf6 7. Nxf6+ Qxf6 8. Ne2 Bb4+ 9. Bd2 Bxd2+ 10. Qxd2 O-O 11. f3 Nc6 12. O-O-O a5 13. Nc3 a4 14. Ne4 Qe7 15. d5 Nb4 16. d6 Bxe4 17. Qxb4 Qg5+ 18. Qd2 Qxd2+ 19. Rxd2 Bc6 20. Be2 cxd6 21. Rxd6 Rac8 22. Kb1 Rf5 23. Rhd1 Rg5 24. Bf1 Kf8 25. R6d2 Ke7 26. Bd3 Rc7 27. Re1 g6 28. Be4 Rc5 29. b3 axb3 30. axb3 Bxe4+ 31. Rxe4 b5 32. cxb5 Rxb5 33. Kb2 Rcb7 34. Rd3 Ra7 35. Rh4 h5 36. Rhd4 Rba5 37. Rd2 d5 38. f4 Kd6 39. g3 Ra1 40. Kc3 Rc1+ 41. Kb2 Raa1 42. Ra4 Rab1+ 43. Ka2 Kc5 44. Rad4 Ra1+ 45. Kb2 Rcb1+ 46. Kc2 Re1 47. Kb2 Kb5 48. R4d3 1/2-1/2

[Event "Quebec op"]
[Site "Montreal CAN"]
[Date "2000.07.22"]
[Round "1"]
[White "Gilman, Arkadiy"]
[Black "Prahov, Valentin"]
[Result "0-1"]
[WhiteElo "2265"]
[BlackElo "2229"]
[PlyCount "82"]
[GameId "2160767911653019"]
[EventDate "2000.07.22"]
[EventType "swiss"]
[EventRounds "9"]
[EventCountry "CAN"]
[SourceTitle "EXT 2002"]
[Source "ChessBase"]
[SourceDate "2001.11.25"]
[SourceVersion "1"]
[SourceVersionDate "2001.11.25"]
[SourceQuality "1"]

1. d4 Nf6 2. c4 g6 3. Nc3 d5 4. cxd5 Nxd5 5. e4 Nxc3 6. bxc3 c5 7. Be3 Bg7 8. Qd2 O-O 9. Rb1 cxd4 10. cxd4 Nc6 11. d5 Ne5 12. Be2 b6 13. h3 Bb7 14. f4 Nd7 15. Nf3 Rc8 16. Bd4 Bxd4 17. Qxd4 Qc7 18. Qd2 Nf6 19. Bd3 Nh5 20. Ne5 f6 21. Ng4 Qxf4 22. Rf1 Qxd2+ 23. Kxd2 Rc5 24. Ne3 Rfc8 25. Rb3 Ra5 26. Bb1 Ba6 27. Rf3 Ng7 28. g4 Ne8 29. h4 Nd6 30. Kd1 Ra4 31. Rf4 Rd4+ 32. Ke1 g5 33. hxg5 fxg5 34. Rf3 Nxe4 35. Bxe4 Rxe4 36. Ra3 Bc4 37. Rxa7 Bxd5 38. Kf2 Ra8 39. Rxa8+ Bxa8 40. Nf5 e6 41. Ne7+ Kg7 0-1

[Event "Quebec op"]
[Site "Montreal CAN"]
[Date "2000.07.22"]
[Round "1"]
[White "Grondin, Jean-Philippe"]
[Black "Luksza, Arkadiusz"]
[Result "0-1"]
[WhiteElo "2107"]
[BlackElo "2063"]
[PlyCount "98"]
[GameId "2160767911653021"]
[EventDate "2000.07.22"]
[EventType "swiss"]
[EventRounds "9"]
[EventCountry "CAN"]

1. e4 d6 2. Nf3 g6 3. d4 Bg7 4. Be2 Nf6 5. Nc3 c6 6. a4 O-O 7. a5 Qc7 8. O-O Nbd7 9. h3 e5 10. Be3 exd4 11. Bxd4 Re8 12. Nd2 Nf8 13. Bf3 Ne6 14. Be3 Nd7 15. g3 f5 16. exf5 gxf5 17. Re1 Rf8 18. Ra4 d5 19. Nb3 Ne5 20. Nd4 Nc4 21. Nxe6 Bxe6 22. Bc1 Bf7 23. Bf4 Qd8 24. Qa1 Qf6 25. Bc1 Rfe8 26. Rf1 Re7 27. h4 h6 28. Bg2 Rae8 29. b3 b5 30. axb6 Nxb6 31. Bb2 Nxa4 32. Nxa4 Qg6 33. h5 Qh7 34. Bf3 Bxb2 35. Qxb2 Qg7 36. Qa3 f4 37. Kg2 Re1 38. Rxe1 Rxe1 39. Qb4 Re8 40. Qb7 Qf6 41. Qxa7 Re7 42. Qb8+ Kg7 43. Nc5 fxg3 44. fxg3 Re3 45. Bd1 Qc3 46. Nd3 Rxd3 47. cxd3 Qd2+ 48. Kh3 Qxd1 49. Qe5+ Kg8 0-1

[Event "Quebec op"]
[Site "Montreal CAN"]
[Date "2000.07.22"]
[Round "1"]
[White "Khassanov, Marat"]
[Black "Rozentalis, Eduardas"]
[Result "1/2-1/2"]
[WhiteElo "2338"]
[BlackElo "2570"]
[PlyCount "99"]
[GameId "2160767911653022"]
[EventDate "2000.07.22"]
[EventType "swiss"]
[EventRounds "9"]
[EventCountry "CAN"]
[SourceTitle "EXT 2002"]
[Source "ChessBase"]
[SourceDate "2001.11.25"]
[SourceVersion "1"]
[SourceVersionDate "2001.11.25"]
[SourceQuality "1"]

1. e4 e6 2. d4 d5 3. Nd2 Nf6 4. e5 Nfd7 5. Bd3 c5 6. c3 Nc6 7. Ne2 cxd4 8. cxd4 f6 9. Nf4 Nxd4 10. Qh5+ Ke7 11. exf6+ Nxf6 12. Ng6+ hxg6 13. Qxh8 Kf7 14. Qh4 e5 15. Nf3 Nxf3+ 16. gxf3 Bf5 17. Bxf5 gxf5 18. Bg5 Qa5+ 19. Kf1 Be7 20. Bxf6 Bxf6 21. Qh7 Qb5+ 22. Kg2 Qd7 23. Rac1 d4 24. h4 Ke6 25. Rhe1 d3 26. Rcd1 Rd8 27. Rd2 Qc8 28. Re3 Rh8 29. Qg6 Rh6 30. Qg3 Qe8 31. Kf1 Kf7 32. Rexd3 Kg8 33. Rd7 Rg6 34. Qh3 Qe6 35. f4 Qc4+ 36. Qd3 Qxf4 37. h5 Rh6 38. Rc2 Kh7 39. Rc4 Qg5 40. Qc3 Qxh5 41. Qb3 Qh1+ 42. Ke2 Rh3 43. Rd3 Rxd3 44. Qxd3 e4 45. Qb3 b6 46. Ra4 Bg5 47. Ra3 Qh5+ 48. Ke1 Qh1+ 49. Ke2 Qh5+ 50. Ke1 1/2-1/2

[Event "Quebec op"]
[Site "Montreal CAN"]
[Date "2000.07.22"]
[Round "1"]
[White "Kogan, Artur"]
[Black "Reeve, Jeff"]
[Result "1-0"]
[WhiteElo "2504"]
[BlackElo "2195"]
[PlyCount "51"]
[GameId "2160767911653023"]
[EventDate "2000.07.22"]
[EventType "swiss"]
[EventRounds "9"]
[EventCountry "CAN"]
[SourceTitle "EXT 2002"]
[Source "ChessBase"]
[SourceDate "2001.11.25"]
[SourceVersion "1"]
[SourceVersionDate "2001.11.25"]
[SourceQuality "1"]

1. e4 c5 2. d3 g6 3. g3 Bg7 4. Bg2 Nc6 5. f4 d6 6. Nf3 e5 7. O-O Nge7 8. Nc3 O-O 9. f5 gxf5 10. Nh4 f4 11. gxf4 Ng6 12. Nf5 Bxf5 13. exf5 Nxf4 14. Bxf4 exf4 15. Qh5 Bxc3 16. bxc3 Qf6 17. Rxf4 h6 18. Kh1 Kh7 19. Bd5 Rae8 20. Rg1 Nd8 21. Bxf7 Rxf7 22. Rg6 Re1+ 23. Kg2 Rg7 24. Qxh6+ Kg8 25. Rfg4 Re2+ 26. Kh3 1-0

[Event "Quebec op"]
[Site "Montreal CAN"]
[Date "2000.07.22"]
[Round "1"]
[White "Kurenkov, Nikolai"]
[Black "Grigoriants, Sergey"]
[Result "1/2-1/2"]
[WhiteElo "2329"]
[BlackElo "2503"]
[PlyCount "23"]
[GameId "2160767911653024"]
[EventDate "2000.07.22"]
[EventType "swiss"]
[EventRounds "9"]
[EventCountry "CAN"]
[SourceTitle "EXT 2002"]
[Source "ChessBase"]
[SourceDate "2001.11.25"]
[SourceVersion "1"]
[SourceVersionDate "2001.11.25"]
[SourceQuality "1"]

1. e4 c5 2. Nf3 Nc6 3. d4 cxd4 4. Nxd4 Nf6 5. Nc3 d6 6. Bc4 e6 7. Be3 a6 8. Qe2 Qc7 9. Bb3 Na5 10. g4 b5 11. g5 Nd7 12. a3 1/2-1/2

[Event "Quebec op"]
[Site "Montreal CAN"]
[Date "2000.07.22"]
[Round "1"]
[White "Lazarev, Vladimir"]
[Black "Mikanovic, Goran"]
[Result "1-0"]
[WhiteElo "2478"]
[BlackElo "2308"]
[PlyCount "63"]
[GameId "2160767911653025"]
[EventDate "2000.07.22"]
[EventType "swiss"]
[EventRounds "9"]
[EventCountry "CAN"]
[SourceTitle "EXT 2002"]
[Source "ChessBase"]
[SourceDate "2001.11.25"]
[SourceVersion "1"]
[SourceVersionDate "2001.11.25"]
[SourceQuality "1"]

1. d4 Nf6 2. c4 e6 3. Nc3 Bb4 4. Qc2 O-O 5. a3 Bxc3+ 6. Qxc3 b6 7. Bg5 Bb7 8. f3 h6 9. Bh4 d5 10. e3 Nbd7 11. Nh3 c5 12. cxd5 Nxd5 13. Bxd8 Nxc3 14. Be7 Rfe8 15. Bh4 Nd5 16. Bb5 g5 17. Bg3 Red8 18. e4 Ne3 19. Rc1 cxd4 20. Bc7 Nc5 21. Bxd8 Rxd8 22. b4 Nb3 23. Rc7 g4 24. Nf4 e5 25. Nd3 Bc8 26. Nxe5 Be6 27. Kf2 a5 28. Nc6 Ra8 29. bxa5 bxa5 30. a4 Kf8 31. Nxd4 Nxd4 32. Kxe3 1-0

[Event "Quebec op"]
[Site "Montreal CAN"]
[Date "2000.07.22"]
[Round "1"]
[White "Loadman, Ian"]
[Black "Egorov, Mikhail"]
[Result "1-0"]
[WhiteElo "2087"]
[BlackElo "2114"]
[PlyCount "79"]
[GameId "2160767911653027"]
[EventDate "2000.07.22"]
[EventType "swiss"]
[EventRounds "9"]
[EventCountry "CAN"]

1. e4 e5 2. Nf3 Nf6 3. Nc3 Nc6 4. d4 exd4 5. Nd5 d6 6. Nxd4 Be7 7. Nb5 Nxd5 8. exd5 Ne5 9. Be2 O-O 10. O-O Bf5 11. Nd4 Be4 12. c4 Nd7 13. Be3 Bg5 14. f4 Bf6 15. Qd2 Qe7 16. Rae1 Rfe8 17. Bf2 Qd8 18. Bd1 h6 19. Bc2 Bxc2 20. Qxc2 Nf8 21. Qf5 a6 22. Rxe8 Qxe8 23. b3 Qd7 24. Qxd7 Nxd7 25. Re1 Kf8 26. Kf1 Nc5 27. g3 Nd3 28. Rd1 Nxf2 29. Kxf2 Bxd4+ 30. Rxd4 Re8 31. Rd2 f5 32. Re2 Rxe2+ 33. Kxe2 Kf7 34. b4 Kf6 35. a4 g5 36. a5 gxf4 37. gxf4 Ke7 38. b5 Kd7 39. Kf3 c5 40. dxc6+ 1-0

[Event "Quebec op"]
[Site "Montreal CAN"]
[Date "2000.07.22"]
[Round "1"]
[White "Pineault, Denis"]
[Black "Morin, Yves"]
[Result "1/2-1/2"]
[WhiteElo "2230"]
[BlackElo "2235"]
[PlyCount "36"]
[GameId "2160767911653030"]
[EventDate "2000.07.22"]
[EventType "swiss"]
[EventRounds "9"]
[EventCountry "CAN"]
[SourceTitle "EXT 2002"]
[Source "ChessBase"]
[SourceDate "2001.11.25"]
[SourceVersion "1"]
[SourceVersionDate "2001.11.25"]
[SourceQuality "1"]

1. e4 e6 2. d4 d5 3. e5 c5 4. c3 Nc6 5. Nf3 Bd7 6. dxc5 Bxc5 7. b4 Be7 8. b5 Na5 9. Bd3 Nc4 10. a4 a6 11. bxa6 Rxa6 12. O-O Qc7 13. Re1 b5 14. Nbd2 Nh6 15. Nxc4 bxc4 16. Bc2 O-O 17. Nd4 f5 18. exf6 Bxf6 1/2-1/2

[Event "Quebec op"]
[Site "Montreal CAN"]
[Date "2000.07.22"]
[Round "1"]
[White "Pnevmonidis, Pantelis"]
[Black "Sarwer, Jeff"]
[Result "0-1"]
[WhiteElo "2224"]
[BlackElo "2164"]
[PlyCount "108"]
[GameId "2160767911653031"]
[EventDate "2000.07.22"]
[EventType "swiss"]
[EventRounds "9"]
[EventCountry "CAN"]

1. e4 Nc6 2. Nf3 d6 3. d4 Bg4 4. Bb5 a6 5. Bxc6+ bxc6 6. Qd3 e6 7. Nbd2 Nf6 8. Nb3 d5 9. Ne5 dxe4 10. Qe3 Bf5 11. O-O Bd6 12. h3 Nd5 13. Qe2 Qh4 14. f4 f6 15. Nxc6 g5 16. Qf2 Qxf2+ 17. Kxf2 Bxf4 18. c4 Bxc1 19. Raxc1 Nf4 20. Nc5 e3+ 21. Kf3 e2 22. Rfe1 Kf7 23. b4 h5 24. Rc3 h4 25. Ra3 Bg6 26. Rc3 Rhg8 27. a4 Bh5+ 28. Kf2 g4 29. hxg4 Rxg4 30. g3 hxg3+ 31. Rxg3 Rxg3 32. Kxg3 Ng6 33. a5 Rg8 34. Kf2 Nh4 35. b5 axb5 36. cxb5 Ng2 37. Rxe2 Bxe2 38. b6 cxb6 39. axb6 Bb5 40. Na7 Bc4 41. b7 Bd5 42. Nc8 Bxb7 43. Nxb7 Nf4 44. Ncd6+ Ke7 45. Ne4 Nd5 46. Na5 Ra8 47. Nc4 Nb4 48. Ned2 Rd8 49. Nf3 Nc2 50. Na5 Rd5 51. Nb3 Rb5 52. Nc1 Rb4 53. Nd3 Ra4 54. Nb2 Ra2 0-1

[Event "Quebec op"]
[Site "Montreal CAN"]
[Date "2000.07.22"]
[Round "1"]
[White "Raheb, David"]
[Black "Kalinichev, Andrey"]
[Result "0-1"]
[WhiteElo "2098"]
[BlackElo "2043"]
[PlyCount "99"]
[GameId "2160767911653032"]
[EventDate "2000.07.22"]
[EventType "swiss"]
[EventRounds "9"]
[EventCountry "CAN"]

1. d4 Nf6 2. c4 e6 3. Nf3 Bb4+ 4. Bd2 Qe7 5. g3 Nc6 6. Bg2 Bxd2+ 7. Nbxd2 d6 8. O-O e5 9. d5 Nb8 10. Qa4+ Nbd7 11. b4 O-O 12. Qc2 a5 13. a3 axb4 14. axb4 Rxa1 15. Rxa1 e4 16. Nd4 e3 17. Ne4 exf2+ 18. Nxf2 Ne5 19. h3 Ng6 20. e4 Qe5 21. Qd3 Nh5 22. Ra3 Nxg3 23. Qxg3 Qxd4 24. Qc3 Qxc3 25. Rxc3 Ne5 26. c5 Rd8 27. Kh2 Kf8 28. b5 Ke7 29. c6 bxc6 30. bxc6 Ba6 31. Ra3 Be2 32. Ra7 Rc8 33. h4 Kd8 34. Nh3 Rb8 35. Nf4 Ng4+ 36. Kg3 Rb3+ 37. Bf3 Rxf3+ 38. Kxg4 Ra3+ 39. Nxe2 Rxa7 40. Kf4 Ra1 41. Nd4 Rf1+ 42. Kg3 g6 43. h5 gxh5 44. Ne2 Re1 45. Kf2 Rxe2+ 46. Kxe2 Ke7 47. Kf3 Kf6 48. Kf4 h4 49. e5+ dxe5+ 50. Kg4 0-1

[Event "Quebec op"]
[Site "Montreal CAN"]
[Date "2000.07.22"]
[Round "1"]
[White "Sakr, Nassim"]
[Black "Fillion, Steve"]
[Result "1/2-1/2"]
[WhiteElo "2199"]
[BlackElo "2195"]
[PlyCount "29"]
[GameId "2160767911653033"]
[EventDate "2000.07.22"]
[EventType "swiss"]
[EventRounds "9"]
[EventCountry "CAN"]
[SourceTitle "EXT 2002"]
[Source "ChessBase"]
[SourceDate "2001.11.25"]
[SourceVersion "1"]
[SourceVersionDate "2001.11.25"]
[SourceQuality "1"]

1. e4 e6 2. Qe2 c5 3. g3 Nc6 4. Nf3 g6 5. Bg2 Bg7 6. O-O Nge7 7. c3 O-O 8. d3 d6 9. Nbd2 b6 10. Rd1 Ba6 11. Nc4 b5 12. Ne3 b4 13. c4 Bb7 14. Nc2 e5 15. Be3 1/2-1/2

[Event "Quebec op"]
[Site "Montreal CAN"]
[Date "2000.07.22"]
[Round "1"]
[White "Soudre, Nicolas"]
[Black "Dumouchel, Alain"]
[Result "1-0"]
[WhiteElo "2094"]
[BlackElo "2021"]
[PlyCount "97"]
[GameId "2160767911653034"]
[EventDate "2000.07.22"]
[EventType "swiss"]
[EventRounds "9"]
[EventCountry "CAN"]

1. e4 e5 2. Nf3 Nc6 3. d4 exd4 4. Nxd4 Nf6 5. Nxc6 dxc6 6. Qxd8+ Kxd8 7. Bd3 Bd6 8. Nc3 Re8 9. Bg5 h6 10. Bh4 g5 11. Bg3 Nxe4 12. Bxe4 f5 13. Bxd6 cxd6 14. O-O-O fxe4 15. Rxd6+ Kc7 16. Rxh6 Bf5 17. Rf6 Re5 18. Rf7+ Kb6 19. Nd1 Ra5 20. a3 Rh8 21. b4 Re5 22. Ne3 Be6 23. Re7 Rf8 24. Rf1 Rf7 25. Re8 Rf4 26. g3 Rf3 27. h4 gxh4 28. gxh4 Kc7 29. Ng4 Bxg4 30. Rxe5 Bf5 31. Kd2 Kd6 32. Re8 Kd7 33. Rg8 Rxa3 34. Rg3 Ra4 35. Rb1 Ke6 36. h5 Ra2 37. h6 Kf6 38. Rf1 a5 39. bxa5 Rxa5 40. Rfg1 b5 41. Rg8 b4 42. R1g7 Ra2 43. Rf8+ Ke5 44. Rxf5+ Kxf5 45. h7 b3 46. h8=Q Rxc2+ 47. Ke3 Rc3+ 48. Kd4 Rd3+ 49. Kc4 1-0

[Event "Quebec op"]
[Site "Montreal CAN"]
[Date "2000.07.22"]
[Round "1"]
[White "St Amand, Paul Jr"]
[Black "Desjardins, Andre"]
[Result "1/2-1/2"]
[WhiteElo "2214"]
[BlackElo "2101"]
[PlyCount "56"]
[GameId "2160767911653035"]
[EventDate "2000.07.22"]
[EventType "swiss"]
[EventRounds "9"]
[EventCountry "CAN"]
[SourceTitle "EXT 2002"]
[Source "ChessBase"]
[SourceDate "2001.11.25"]
[SourceVersion "1"]
[SourceVersionDate "2001.11.25"]
[SourceQuality "1"]

1. e4 c5 2. c3 d5 3. exd5 Qxd5 4. d4 e6 5. Nf3 Nf6 6. Nbd2 cxd4 7. Bc4 Qd8 8. Nxd4 Bd7 9. O-O Nc6 10. N2f3 a6 11. Qe2 Be7 12. Rd1 Qc7 13. Nxc6 Bxc6 14. Ne5 Bd5 15. Bxd5 Nxd5 16. c4 Nf6 17. Bf4 Qa5 18. Qf3 Qb6 19. Bg5 Rd8 20. Rxd8+ Bxd8 21. Rd1 Qxb2 22. Qd3 O-O 23. Bxf6 Bxf6 24. Nd7 Rc8 25. Rb1 Qd4 26. Nxf6+ Qxf6 27. Rxb7 g6 28. g3 Rd8 1/2-1/2

[Event "Quebec op"]
[Site "Montreal CAN"]
[Date "2000.07.22"]
[Round "1"]
[White "Strassmann, Swantje"]
[Black "Poulin, Maurice"]
[Result "0-1"]
[WhiteElo "2070"]
[BlackElo "2108"]
[PlyCount "100"]
[GameId "2160767911653036"]
[EventDate "2000.07.22"]
[EventType "swiss"]
[EventRounds "9"]
[EventCountry "CAN"]

1. e4 g6 2. d4 Bg7 3. Nf3 d6 4. Bd3 c5 5. c3 cxd4 6. cxd4 Nf6 7. Nc3 O-O 8. O-O Bg4 9. Be3 Nc6 10. h3 Bxf3 11. Qxf3 Nd7 12. d5 Nce5 13. Qe2 Nxd3 14. Qxd3 Qa5 15. Bd4 Ne5 16. Qd1 Rfc8 17. f4 Nc4 18. Bxg7 Kxg7 19. Qd4+ Kg8 20. b3 Nb6 21. Rac1 Qc5 22. Ne2 Qa3 23. Qd2 Rc5 24. Rxc5 Qxc5+ 25. Kh1 Rc8 26. Rc1 Qf2 27. Rxc8+ Nxc8 28. Qd3 Nb6 29. e5 Nd7 30. Qe4 Nc5 31. Qc4 a6 32. b4 b5 33. Qc2 Qe1+ 34. Kh2 Qxb4 35. Qc1 Qe4 36. exd6 exd6 37. Nc3 Qc4 38. Qe3 b4 39. Ne2 Qxa2 40. f5 Qxd5 41. Ng3 Qe5 42. Qf3 d5 43. Kh1 Qe1+ 44. Kh2 Ne4 45. Ne2 Qf2 46. Qd3 a5 47. fxg6 hxg6 48. Qb5 Qc5 49. Qe8+ Qf8 50. Qb5 Nc3 0-1

[Event "Quebec op"]
[Site "Montreal CAN"]
[Date "2000.07.22"]
[Round "1"]
[White "Sullivan, Neil"]
[Black "Gagnon, Michel"]
[Result "1/2-1/2"]
[WhiteElo "2136"]
[BlackElo "2193"]
[PlyCount "100"]
[GameId "2160767911653037"]
[EventDate "2000.07.22"]
[EventType "swiss"]
[EventRounds "9"]
[EventCountry "CAN"]

1. e4 c5 2. Nf3 d6 3. d3 Nc6 4. g3 g6 5. Bg2 Bg7 6. O-O Nf6 7. Nbd2 O-O 8. Re1 Rb8 9. Nf1 Ng4 10. c3 Nge5 11. Bf4 b5 12. Nxe5 dxe5 13. Be3 Qd6 14. Qd2 Rd8 15. Red1 b4 16. Rac1 Ba6 17. cxb4 cxb4 18. h4 Qe6 19. Qc2 Bb5 20. b3 a6 21. Nh2 Rbc8 22. Bf1 Nd4 23. Qd2 a5 24. Rxc8 Rxc8 25. Rc1 h5 26. Rxc8+ Qxc8 27. Bxd4 exd4 28. Qg5 e5 29. Nf3 Qe8 30. Qc1 Qc6 31. Qxc6 Bxc6 32. Nd2 f6 33. Be2 Bf8 34. Kf1 Bd6 35. Nc4 Bc7 36. Nd2 Kg7 37. Kg1 Kh6 38. Kh2 Bb5 39. Kg2 a4 40. Kh2 axb3 41. axb3 f5 42. f3 Bd7 43. Kg2 Be6 44. Bd1 Bd8 45. Nc4 Bc7 46. Nd2 Kg7 47. g4 hxg4 48. fxg4 fxe4 49. Nxe4 Bd5 50. Kg3 Bd8 1/2-1/2

[Event "Quebec op"]
[Site "Montreal CAN"]
[Date "2000.07.22"]
[Round "1"]
[White "Terminasov, Zaven"]
[Black "Gruzmann, Boris"]
[Result "0-1"]
[WhiteElo "1800"]
[BlackElo "2302"]
[PlyCount "42"]
[GameId "2160767911653038"]
[EventDate "2000.07.22"]
[EventType "swiss"]
[EventRounds "9"]
[EventCountry "CAN"]

1. e4 c5 2. Nf3 d6 3. d4 cxd4 4. Nxd4 Nf6 5. Nc3 g6 6. Bg5 Bg7 7. Bd3 Nc6 8. Nb3 a5 9. a4 Nb4 10. Bb5+ Bd7 11. Nd4 O-O 12. O-O Rc8 13. Bxd7 Qxd7 14. Re1 h6 15. Be3 Ng4 16. Rc1 Rc4 17. Ndb5 Nxe3 18. Rxe3 h5 19. b3 Rc5 20. Rb1 Rfc8 21. Qe1 Nxc2 0-1

[Event "Quebec op"]
[Site "Montreal CAN"]
[Date "2000.07.23"]
[Round "2"]
[White "Antonenko, Valerija"]
[Black "Raheb, David"]
[Result "1/2-1/2"]
[WhiteElo "2061"]
[BlackElo "2098"]
[PlyCount "132"]
[GameId "2160767911653040"]
[EventDate "2000.07.22"]
[EventType "swiss"]
[EventRounds "9"]
[EventCountry "CAN"]

1. e4 c5 2. c3 Nf6 3. e5 Nd5 4. Nf3 e6 5. Bc4 Nb6 6. Bb3 d6 7. O-O c4 8. Bc2 dxe5 9. Nxe5 N8d7 10. d4 cxd3 11. Nxd3 Be7 12. Qg4 Bf6 13. Nd2 Qe7 14. Ne4 e5 15. Nxf6+ Nxf6 16. Qe2 Bf5 17. Re1 e4 18. Bg5 O-O 19. Bxf6 Qxf6 20. Nc5 e3 21. Bxf5 Qxf5 22. Qxe3 Nc4 23. Qd4 b5 24. Nb7 Rab8 25. Nd6 Nxd6 26. Qxd6 Rbd8 27. Qe5 Qc2 28. Re2 Qd3 29. Rae1 a6 30. h3 g6 31. Qf6 Qd6 32. Qxd6 Rxd6 33. Kf1 Kg7 34. f3 Rfd8 35. Kf2 Kf6 36. Re8 R8d7 37. R8e4 Rb7 38. R1e2 a5 39. Ke3 Rd1 40. Rd4 Ra1 41. b3 Rc1 42. Kd3 Rc7 43. c4 a4 44. Rc2 Rd1+ 45. Rd2 Rc1 46. Rc2 Rd1+ 47. Ke3 axb3 48. axb3 Re7+ 49. Re4 Red7 50. Rb2 Re1+ 51. Kf2 Rxe4 52. fxe4 bxc4 53. bxc4 Rd4 54. c5 Rxe4 55. Rc2 Ke7 56. c6 Kd8 57. Rd2+ Kc7 58. Rd7+ Kxc6 59. Rxf7 Kd6 60. Rxh7 Ke6 61. Kf3 Ra4 62. Kg3 Kf6 63. h4 Ra3+ 64. Kf4 Ra4+ 65. Ke3 Ra3+ 66. Kf4 Ra4+ 1/2-1/2

[Event "Quebec op"]
[Site "Montreal CAN"]
[Date "2000.07.23"]
[Round "2"]
[White "Arsenault, Michel"]
[Black "Terminasov, Zaven"]
[Result "1/2-1/2"]
[WhiteElo "1920"]
[BlackElo "1800"]
[PlyCount "64"]
[GameId "2160767911653041"]
[EventDate "2000.07.22"]
[EventType "swiss"]
[EventRounds "9"]
[EventCountry "CAN"]

1. c4 e6 2. Nf3 Nf6 3. g3 b6 4. Bg2 Bb7 5. O-O c6 6. b3 g6 7. Bb2 Bg7 8. e3 d5 9. Qe2 O-O 10. d3 Nbd7 11. Nbd2 Rc8 12. h3 Re8 13. e4 Nxe4 14. Nxe4 dxe4 15. dxe4 e5 16. Rad1 Qc7 17. Ba3 c5 18. Rd3 Nf6 19. Nh2 Rcd8 20. Rfd1 Rd4 21. f3 Red8 22. Bb2 Rxd3 23. Rxd3 Rxd3 24. Qxd3 Qd7 25. Qxd7 Nxd7 26. Nf1 Nf8 27. Ne3 Ne6 28. Nd5 Kf8 29. f4 exf4 30. Bxg7+ Kxg7 31. Nxf4 Nxf4 32. gxf4 f6 1/2-1/2

[Event "Quebec op"]
[Site "Montreal CAN"]
[Date "2000.07.23"]
[Round "2"]
[White "Caceres Cortes, Julio"]
[Black "Grondin, Jean-Philippe"]
[Result "0-1"]
[WhiteElo "2103"]
[BlackElo "2243"]
[PlyCount "80"]
[GameId "2160767911653042"]
[EventDate "2000.07.22"]
[EventType "swiss"]
[EventRounds "9"]
[EventCountry "CAN"]
[SourceTitle "EXT 2002"]
[Source "ChessBase"]
[SourceDate "2001.11.25"]
[SourceVersion "1"]
[SourceVersionDate "2001.11.25"]
[SourceQuality "1"]

1. e4 e5 2. Nf3 Nc6 3. Bb5 Nf6 4. O-O d6 5. d4 Bd7 6. Re1 Be7 7. d5 Nb8 8. a4 c6 9. dxc6 bxc6 10. Bc4 h6 11. Nbd2 O-O 12. Nf1 Re8 13. Ng3 Bf8 14. h3 Be6 15. Bxe6 Rxe6 16. Bd2 Nbd7 17. Bc3 g6 18. Qe2 Qc7 19. Qc4 Rae8 20. Rad1 Qb7 21. a5 d5 22. exd5 cxd5 23. Qh4 d4 24. Bd2 Qxb2 25. Bxh6 Qxc2 26. Bxf8 Nxf8 27. Ng5 R6e7 28. N5e4 Nxe4 29. Nxe4 Nh7 30. Rc1 Qd3 31. Rcd1 Qa6 32. Rc1 f5 33. Nc5 Qxa5 34. Nd3 Qa6 35. Nb4 Qd6 36. Nc6 Rc7 37. Nxd4 Rxc1 38. Rxc1 exd4 39. Ra1 d3 40. Rxa7 Re1# 0-1

[Event "Quebec op"]
[Site "Montreal CAN"]
[Date "2000.07.23"]
[Round "2"]
[White "Clement, Michel"]
[Black "Egorov, Mikhail"]
[Result "1-0"]
[WhiteElo "2080"]
[BlackElo "2114"]
[PlyCount "45"]
[GameId "2160767911653044"]
[EventDate "2000.07.22"]
[EventType "swiss"]
[EventRounds "9"]
[EventCountry "CAN"]

1. e4 e5 2. d4 exd4 3. c3 d5 4. exd5 Qxd5 5. cxd4 c5 6. Nc3 Qxd4 7. Bb5+ Bd7 8. Qe2+ Be7 9. Nf3 Qd6 10. O-O a6 11. Bc4 Nf6 12. Rd1 Qc7 13. Bg5 Bg4 14. Bxf7+ Kf8 15. Be6 Bxe6 16. Qxe6 Qc6 17. Qf5 Nbd7 18. Bxf6 Nxf6 19. Ne5 Qc8 20. Nd7+ Kf7 21. Ne4 Rd8 22. Ng5+ Ke8 23. Qe6 1-0

[Event "Quebec op"]
[Site "Montreal CAN"]
[Date "2000.07.23"]
[Round "2"]
[White "Desjardins, Andre"]
[Black "Berezovich, Mikhail"]
[Result "1/2-1/2"]
[WhiteElo "2101"]
[BlackElo "2164"]
[PlyCount "66"]
[GameId "2160767911653045"]
[EventDate "2000.07.22"]
[EventType "swiss"]
[EventRounds "9"]
[EventCountry "CAN"]
[SourceTitle "EXT 2002"]
[Source "ChessBase"]
[SourceDate "2001.11.25"]
[SourceVersion "1"]
[SourceVersionDate "2001.11.25"]
[SourceQuality "1"]

1. e4 c5 2. Nf3 d6 3. d4 cxd4 4. Nxd4 Nf6 5. Nc3 Nc6 6. Bg5 e6 7. Qd2 a6 8. Bc4 Be7 9. Bb3 h6 10. Bh4 Bd7 11. O-O-O b5 12. Bxf6 Bxf6 13. Nxc6 Bxc6 14. Qxd6 Qxd6 15. Rxd6 Rc8 16. f3 Ke7 17. Rd3 b4 18. Na4 Bb5 19. Rdd1 g5 20. Rhe1 Be5 21. g3 h5 22. Nb6 Rc7 23. a4 bxa3 24. bxa3 Rb8 25. a4 Rxb6 26. axb5 axb5 27. Rd3 Bc3 28. Rf1 Ra6 29. Kd1 Ra1+ 30. Ke2 Rxf1 31. Kxf1 b4 32. Ke2 Ra7 33. Rd1 Rc7 1/2-1/2